000 00373nam a2200145Ia 4500
008 150301s2014 xx 000 0 und d
082 _a616.12
_bC14C
100 _aCRAWFORD, MICHAEL H.
245 _aCURRENT DIGNOSIS & TRETMENT CARDIOLOGY
250 _a4TH
260 _bMC GRAW HILL
_aNEW YORK
_c2014
300 _a603
650 _aGENERAL MEDICINE
942 _2ddc
_cBK
_012
999 _c6718
_d6718